000 00841nmm a2200313 a 4500
003 AR-BaBNM
005 20251128211427.0
008 014020s1994 ||||||||||||||000 | spa||
020 _a950-9385-23-9
040 _cAR-BaBNM
100 1 _aDromi, Roberto
245 1 0 _aLa Constitución reformada
_bcomentada, interpretada y concordada
260 _aBuenos Aires
_bCiudad Argentina
_c1994
300 _a590 p.
650 4 _aPODER POLITICO
650 4 _aDEMOCRACIA
650 4 _aDERECHOS CIVILES Y POLITICOS
650 4 _aESTADO
650 4 _aREFORMA CONSTITUCIONAL
650 4 _aCONSTITUCIONES
650 4 _aHISTORIA CONSTITUCIONAL
650 4 _aMODERNIZACION
650 4 _aDERECHO CONSTITUCIONAL
650 4 _aSISTEMAS POLITICOS
651 4 _aArgentina
700 1 _aMenem, Eduardo
942 _cBK
998 _cMariana
999 _c19645
_d19645